[Event "LSS RN-2010-0-00308"]
[Site "LSS email"]
[Date "2010.08.17"]
[Round "?"]
[White "Nolf, Francky"]
[Black "Pehl, Ferenc"]
[Result "0-1"]
[WhiteElo "922"]
[BlackElo "876"]
[PlyCount "122"]
[EventDate "2010.07.27"]
[EventType "tourn (corr)"]
[EventRounds "6"]
[EventCountry "GER"]
[SourceTitle "Telechess CBM 143"]
[Source "ChessBase"]
[SourceDate "2011.07.15"]
[SourceVersion "1"]
[SourceVersionDate "2011.07.15"]
[SourceQuality "1"]

1. d4 Nf6 2. Nf3 d5 3. e3 e6 4. Bd3 Nc6 5. 0-0 h6 6. b3 Be7 7. Bb2 0-0 8. Nbd2 a6 9. Ne5 Qd6 10. c4 Nb4 11. Be2 c5 12. a3 Nc6 13. Nxc6 Qxc6 14. dxc5 Bxc5 15. Bxf6 gxf6 16. b4 Be7 17. c5 f5 18. Bh5 Kg7 19. Qf3 Bf6 20. Qg3+ Kh7 21. Rab1 Rg8 22. Qf3 Rg7 23. Rfe1 Bd7 24. Nf1 Rag8 25. g3 Be8 26. Qg2 Qa4 27. Bd1 Qxa3 28. Rb3 Qa1 29. Qf3 Ba4 30. Rd3 Bxd1 31. Rdxd1 Qa4 32. Rb1 Be5 33. Rec1 Qb5 34. Rc2 Rc8 35. Qg2 b6 36. f4 Bf6 37. cxb6 Rxc2 38. Qxc2 Qxb6 39. Qc5 Qb7 40. b5 axb5 41. Rxb5 Qe7 42. Qc2 Qd6 43. Rc5 Rg8 44. Rc7 Qf8 45. Qc6 Rg7 46. Kf2 Qa3 47. Qc2 Qb2 48. Qxb2 Bxb2 49. Nd2 Kg6 50. Nf3 Rg8 51. Nh4+ Kf6 52. Rb7 Bc3 53. Nf3 Ra8 54. Kg2 Ra2+ 55. Kh3 Rf2 56. Nd4 Bxd4 57. exd4 Rc2 58. Rb4 Rc4 59. Rb2 Rxd4 60. Kh4 Kg6 61. Rb8 e5 0-1

[Event "SN-2010-0-00267"]
[Site "LSS email"]
[Date "2010.08.17"]
[Round "?"]
[White "Nolf, Francky"]
[Black "Venturas, Bob"]
[Result "1-0"]
[WhiteElo "963"]
[BlackElo "596"]
[PlyCount "61"]
[EventDate "2010.07.28"]
[EventType "tourn (corr)"]
[EventRounds "6"]
[EventCountry "GER"]
[SourceTitle "Telechess CBM 143"]
[Source "ChessBase"]
[SourceDate "2011.07.15"]
[SourceVersion "1"]
[SourceVersionDate "2011.07.15"]
[SourceQuality "1"]

1. d4 d5 2. Nf3 h6 3. e3 a6 4. Bd3 Nf6 5. 0-0 Bg4 6. b3 e6 7. h3 Bh5 8. Bb2 Nc6 9. Nbd2 Bd6 10. c4 0-0 11. c5 Be7 12. Qc2 Kh8 13. g4 Nxg4 14. hxg4 Bxg4 15. Kg2 Nb4 16. Qb1 Qd7 17. Rh1 Nc6 18. Qg1 h5 19. Kf1 Nb4 20. Qxg4 g6 21. Bxg6 fxg6 22. Qxg6 Rf5 23. Ng5 Rxg5 24. Rxh5+ Rxh5 25. Qxh5+ Kg7 26. Ke2 Rg8 27. Rg1+ Kf8 28. Qh6+ Kf7 29. Qh7+ Ke8 30. Rxg8+ Bf8 31. Rxf8+ 1-0

[Event "SN-2010-0-00267"]
[Site "LSS email"]
[Date "2010.08.17"]
[Round "?"]
[White "Plummer, Martin"]
[Black "Nolf, Francky"]
[Result "1-0"]
[WhiteElo "1094"]
[BlackElo "916"]
[PlyCount "51"]
[EventDate "2010.07.28"]
[EventType "tourn (corr)"]
[EventRounds "6"]
[EventCountry "GER"]
[SourceTitle "Telechess CBM 143"]
[Source "ChessBase"]
[SourceDate "2011.07.15"]
[SourceVersion "1"]
[SourceVersionDate "2011.07.15"]
[SourceQuality "1"]

1. e4 d6 2. Nf3 Nf6 3. Nc3 Nbd7 4. Bc4 e5 5. Ng5 d5 6. exd5 Bd6 7. Nge4 Nxe4 8. Nxe4 Nb6 9. Bb3 Qh4 10. d3 Bf5 11. Bg5 Qg4 12. f3 Qxg2 13. Ng3 Qh3 14. Qe2 f6 15. Be3 Bg6 16. c4 0-0-0 17. c5 Bxc5 18. Bxc5 Nxd5 19. Bxd5 Rxd5 20. Be3 Bxd3 21. Qf2 Rhd8 22. Rg1 Qe6 23. Ne4 g6 24. Rc1 Bxe4 25. fxe4 Qa6 26. exd5 1-0